Pension Reform in Belgium

Salvato in:
Dettagli Bibliografici
Autore principale: Callatay, Etienne de
Altri autori: Turtelboom, Bart
Natura: Libro
Lingua:inglese
Pubblicazione: Washington International Monetary Fund 1996
Edizione:1. ed.
Serie:IMF Working Paper 74
Soggetti:
Tags: Aggiungi Tag
Nessun Tag, puoi essere il primo ad aggiungerne!!

MARC

LEADER 00000nam a2200000 4500
001 c017451
005 20221205125529.5
041 0 |a eng 
044 |a US 
245 1 0 |a Pension Reform in Belgium  |c Etienne de Callatay, Bart Turtelboom 
250 |a 1. ed. 
264 1 |a Washington  |b International Monetary Fund  |c 1996 
300 |a 39 s. 
490 1 |a IMF Working Paper  |v 74 
830 0 |a IMF Working Paper  |v 74 
610 2 0 |a penzie 
610 2 0 |a zabezpečenie dôchodkové 
610 2 0 |a zmeny organizačné 
610 2 0 |a politika poistná 
610 2 0 |a Belgicko 
100 1 |a Callatay, Etienne de 
700 1 |a Turtelboom, Bart